书目信息 |
| 题名: |
化学基础实验
|
|
| 作者: | 彭秧 主编 | |
| 分册: | Ⅱ | |
| 出版信息: | 北京 科学出版社 2014 |
|
| 页数: | 222页 | |
| 开本: | 24cm | |
| 丛书名: | ||
| 单 册: | ||
| 中图分类: | O6-3 | |
| 科图分类: | ||
| 主题词: | 化学实验--高等学校--教材 , 化学实验 | |
| 电子资源: | ||
| ISBN: | 978-7-03-039556-6 | |
| 000 | 00859nam0 2200253 450 | |
| 001 | 142266 | |
| 005 | 20141220141201.98 | |
| 010 | @a978-7-03-039556-6@dCNY 34.00 | |
| 100 | @a20140310d2014 em y0chiy50 ea | |
| 101 | 0 | @achi |
| 102 | @aCN@b110000 | |
| 105 | @aa z 000yy | |
| 200 | 1 | @a化学基础实验@9hua xue ji chu shi yan@hⅡ@b专著@f彭秧[等]主编 |
| 210 | @a北京@c科学出版社@d2014 | |
| 215 | @a222页@c图@d24cm | |
| 300 | @a大学化学实验教学示范中心系列教材/李天安总主编 | |
| 304 | @a主编还有:胡小莉、蒋晓慧、宋玉民、岳凡 | |
| 330 | @a本书本5章,讨论物质化学、物理基本性质的测试。具体内容包括:元素与化合物的性质、物质性质、物质与介质、综合设计性实验、数据与资料。 | |
| 606 | 0 | @a化学实验@x高等学校@j教材 |
| 606 | 0 | @a化学实验 |
| 690 | @aO6-3@v5 | |
| 701 | 0 | @a彭秧@9peng yang@4主编 |
| 801 | 0 | @aCN@bZL@c20141220 |
| 905 | @a241430@dO6-3@eP582:2 | |
| 化学基础实验.Ⅱ/彭秧[等]主编.-北京:科学出版社,2014 |
| 222页:图;24cm |
| 大学化学实验教学示范中心系列教材/李天安总主编 |
| ISBN 978-7-03-039556-6:CNY 34.00 |
| 本书本5章,讨论物质化学、物理基本性质的测试。具体内容包括:元素与化合物的性质、物质性质、物质与介质、综合设计性实验、数据与资料。 |
| ● |
| 相关链接 |
|
|
|
正题名:化学基础实验
索取号:O6-3/P582:2
 
预约/预借
| 序号 | 登录号 | 条形码 | 馆藏地/架位号 | 状态 | 备注 |
| 1 | 1134415 | 211344151 | 自科库401/401自科库 60排6列3层/ [索取号:O6-3/P582:2] | 在馆 | |
| 2 | 1134416 | 211344160 | 自科库401/401自科库 60排6列3层/ [索取号:O6-3/P582:2] | 在馆 | |
| 3 | 1134417 | 211344179 | 自科库401/401自科库 60排6列3层/ [索取号:O6-3/P582:2] | 在馆 |